Adulterio / (Record no. 104103)

MARC details
000 -CABECERA
campo de control de longitud fija 00538nam a2200205 a 4500
005 - FECHA Y HORA DE LA ÚLTIMA TRANSACCIÓN
campo de control 20240910064044.0
008 - ELEMENTOS DE LONGITUD FIJA--INFORMACIÓN GENERAL
campo de control de longitud fija 040217s2000 mx r 000 0 spa d
020 ## - NÚMERO INTERNACIONAL NORMALIZADO PARA LIBROS
Número Internacional Estándar del Libro 9506413088
035 ## - NÚMERO DE CONTROL DEL SISTEMA
Número de control de sistema UPN01000131948
049 ## - COLECCIÓN
Colección CG
050 #4 - SIGNATURA TOPOGRÁFICA DE LA BIBLIOTECA DEL CONGRESO
Número de clasificación HQ806
Número de documento/Ítem D4.2
100 1# - ASIENTO PRINCIPAL--NOMBRE PERSONAL
Nombre de persona DeSalvo, Louise
245 10 - MENCIÓN DE TÍTULO
Título Adulterio /
Mención de responsabilidad, etc. Louise DeSalvo ; tr. Oscar Luis Molina S.
260 ## - PUBLICACIÓN, DISTRIBUCIÓN, ETC.
Lugar de publicación, distribución, etc. Buenos Aires :
Nombre del editor, distribuidor, etc. Granica,
Fecha de publicación, distribución, etc. 2000.
300 ## - DESCRIPCIÓN FÍSICA
Extensión 215 p.
440 #0 - MENCIÓN DE SERIE/ASIENTO SECUNDARIO--TÍTULO
Título Ensayo
534 ## - NOTA SOBRE LA VERSIÓN ORIGINAL
Frase introductoria Título original:
Mención de título del original Adultery
650 #4 - ASIENTO SECUNDARIO DE MATERIA - TERMINO TEMATICO
Término de materia o nombre geográfico como elemento de entrada Adulterio
9 (RLIN) 255
905 ## - TIPO DE MATERIAL
Tipo de material Libro
Holdings
Estado de retiro Estado de pérdida Fuente del sistema de clasificación o colocación Estado dañado No para préstamo Código de colección Localización permanente Ubicación/localización actual Ubicación en estantería Total de préstamos Clasificación Código de barras Fecha visto por última vez Número de copia Tipo de ítem Koha
    Library of Congress Classification     Colección General Bib. Gregorio Torres Quintero Bib. Gregorio Torres Quintero Planta baja 7 HQ806 D4.2 197209 31/12/2020 1 Libro